| 000 | 00641nam a2200193 a 4500 | ||
|---|---|---|---|
| 001 | 1838 | ||
| 003 | CDMR | ||
| 005 | 20130416195013.0 | ||
| 008 | 130130s1997||||||||||||||||||||||||||||d | ||
| 020 | _a8492028963 | ||
| 040 |
_aCDMR _bcat _cCPC GIRONA |
||
| 100 | 1 |
_aPujadas, Xavier _91373 |
|
| 245 | 1 | 0 |
_aL'esport és notícia _b: història de la premsa esportiva a Catalunya (1880-1992) _c Xavier Pujadas i Carles Santacana |
| 260 |
_bDiputació de Barcelona _aBarcelona |
||
| 260 |
_c1997 _bCol·legi de Periodistes de Catalunya |
||
| 490 | 0 |
_aVaixells de Paper _v23 |
|
| 650 | 0 | 4 |
_91696 _aPremsa esportiva _zCatalunya _xHistòria |
| 942 |
_cMON _2udc |
||
| 999 |
_c1838 _d1838 |
||